Central Library OPAC University of Rajshahi

Ethical problems : (Record no. 14012)

MARC details
000 -LEADER
fixed length control field 01057cam a22002891 4500
001 - CONTROL NUMBER
control field 14012
003 - CONTROL NUMBER IDENTIFIER
rucl marc code BD-RjUL
005 - DATE AND TIME OF LATEST TRANSACTION
control field 20211208235545.0
008 - FIXED-LENGTH DATA ELEMENTS--GENERAL INFORMATION
fixed length control field 140203s1929 enk b 000 0 eng
035 ## - SYSTEM CONTROL NUMBER
System control number (BD-RjUL)14064
System control number (OCoLC)3800886
040 ## - CATALOGING SOURCE
Original cataloging agency DLC
Transcribing agency ArU
Modifying agency DLC
Language of cataloging eng
041 ## - LANGUAGE CODE
Language code of text/sound track or separate title eng
082 ## - DEWEY DECIMAL CLASSIFICATION NUMBER
Classification number 170
Author mark and year EDE 1929
100 1# - MAIN ENTRY--PERSONAL NAME
Personal name Edgell, Beatrice,
Dates associated with a name 1871-
9 (RLIN) 43802
245 10 - TITLE STATEMENT
Title Ethical problems :
Remainder of title an introduction to ethics for hospital nurses and social workers /
Statement of responsibility, etc. Beatrice Edgell with a preface by A. Lloyd Still.
260 ## - PUBLICATION, DISTRIBUTION, ETC. (IMPRINT)
Place of publication, distribution, etc. London :
Name of publisher, distributor, etc. Methuen & Co ,
Date of publication, distribution, etc. 1929
300 ## - PHYSICAL DESCRIPTION
Pagination ix, 149 p. ;
Size 20 cm.
500 ## - GENERAL NOTE
General note "Expansions of lectures given to International nurse students reassembled at Bedford college for women, University of London, in July 1928, to follow th course of a summer school." - Pref.
504 ## - BIBLIOGRAPHY, ETC. NOTE
Bibliography, etc "References for further reading": p. 145.
650 #0 - SUBJECT ADDED ENTRY--TOPICAL TERM
Topical term or geographic name as entry element Ethics.
9 (RLIN) 43803
Topical term or geographic name as entry element Nursing ethics.
9 (RLIN) 43804
Topical term or geographic name as entry element Social ethics.
9 (RLIN) 5055
942 ## - ADDED ENTRY ELEMENTS (KOHA)
Source of classification or shelving scheme Dewey Decimal Classification
Koha item type Books
Holdings
Lost status Source of classification or shelving scheme Damaged status Not for loan Collection code Permanent Location Current Location Shelving location Date acquired Source of acquisition Cost, normal purchase price Total Checkouts Full call number Date last seen Copy number Koha item type
  Dewey Decimal Classification   Not For Loan Non-fiction Central Library, University of Rajshahi Central Library, University of Rajshahi Reading Room 06/09/1955 B.H.Black well 75.00   170 EDE 1929 03/02/2014 C-1 Books